[Event "Oslo"]
[Site "Oslo"]
[Date "1992.??.??"]
[Round "6"]
[White "Tisdall, Jonathan D"]
[Black "Kveinys, Aloyzas"]
[Result "1/2-1/2"]
[WhiteElo "2455"]
[BlackElo "2485"]

1.d4 Nf6 2.c4 e6 3.Nf3 d5 4.Nc3 Be7 5.Bf4 O-O 6.e3 b6 7.cxd5 Nxd5 8.Nxd5 Qxd5
9.Bd3 Bb4+ 10.Ke2 Bd6 11.e4 Qa5 12.Bd2 Qh5 13.Rc1 e5 14.dxe5 Bxe5 15.h3 Ba6
16.Bxa6 Nxa6 17.Qa4 Bxb2 18.Qxa6 Bxc1 19.Rxc1 c5 20.Kf1 Qg6 21.Rc4 Rfe8 22.e5 Rad8
23.Kg1 Qd3 24.Bg5 Rd7 25.Kh2 h6 26.Be3 Kh7 27.Qa4 Re6 28.Rc3 Qd5 29.Rc2 Qb7
30.Qf4 Kh8 31.Qc4 Qd5 32.Qa4 Qb7 33.Qb3 Qe4 34.Rc4 Qd5 35.Qc2  1/2-1/2

[Event "Ostrava op"]
[Site "Ostrava"]
[Date "1992.??.??"]
[Round "6"]
[White "Tabatadze, Tamaz"]
[Black "Michenka, Jozef"]
[Result "1/2-1/2"]
[WhiteElo "2365"]
[BlackElo "2395"]

1.c4 e6 2.Nc3 d5 3.d4 Nf6 4.Nf3 Be7 5.Bf4 O-O 6.e3 c5 7.dxc5 Bxc5 8.Qc2 dxc4
9.Bxc4 a6 10.Bd3 h6 11.O-O Nc6 12.a3 Nh5 13.b4 Nxf4 14.Bh7+ Kh8 15.bxc5 Nxg2
16.Kxg2 g6 17.Bxg6 fxg6 18.Ne4 Qd5 19.Nfd2 e5 20.f3 Bf5 21.Rf2 Rad8 22.Rb1 Rd7
23.Qb3 Qxb3 24.Rxb3 Be6 25.Rc3 Bd5 26.Nd6 b5 27.N2e4 Na5 28.Rd2 Bc6 29.h4 Rc7
30.Kg3 Kg7 31.Rf2 Rb8 32.Rb2 Rf8 33.Rf2 Rb8 34.Rb2 Rf8 35.Rb1 Bd5 36.Rd1 Bc6
37.Rb1 Nb7 38.Nxb7 Rxb7 39.Nd2 Rd7 40.Rb2 a5 41.e4 Rfd8 42.Nb3 Rd3 43.Rbc2 Bxe4
44.c6 Bxc6 45.Rxc6 Rxb3 46.Rc7+ Kh8 47.h5 gxh5 48.R2c6 h4+ 49.Kg4 h5+ 50.Kxh5 Rxf3
51.Rh6+ Kg8 52.Rg6+ Kf8 53.Rh6 Rg3 54.Rh8+ Rg8 55.Rhh7 Rg1  1/2-1/2

[Event "Oviedo rapid45"]
[Site "Oviedo"]
[Date "1992.??.??"]
[Round "11"]
[White "Kramnik, Vladimir"]
[Black "Ubilava, Elizbar"]
[Result "0-1"]
[WhiteElo "2590"]
[BlackElo "2560"]

1.d4 d5 2.Nf3 Nf6 3.c4 e6 4.Nc3 Be7 5.Bf4 O-O 6.e3 Nbd7 7.Qc2 c6 8.h3 h6
9.Rd1 b6 10.Be2 Ba6 11.b3 Qc8 12.O-O b5 13.cxb5 cxb5 14.Qd3 b4 15.Qxa6 bxc3
16.Qa5 Ne4 17.Rc1 a6 18.Rc2 Qb7 19.Ra1 Rfc8 20.Ne1 Bb4 21.Qa4 Ndc5  0-1

[Event "Paris-ch"]
[Site "Paris"]
[Date "1992.??.??"]
[Round "1"]
[White "Chevallier, Didier"]
[Black "Jojic, Oliver"]
[Result "1-0"]
[WhiteElo "2305"]
[BlackElo "2220"]

1.d4 d5 2.c4 e6 3.Nc3 Be7 4.Nf3 Nf6 5.Bf4 O-O 6.e3 Nbd7 7.Rc1 c5 8.dxc5 Nxc5
9.Be2 a6 10.cxd5 exd5 11.O-O b5 12.Nd4 Bd6 13.Nc6 Qd7 14.Bxd6 Qxd6 15.Nxd5 Nxd5
16.Qxd5 Qxd5 17.Ne7+ Kh8 18.Nxd5 Ne6 19.Rfd1 g6 20.b4 Kg7 21.h4 Rb8 22.Nc7 Rb6
23.Nxe6+ Bxe6 24.a3 Ra8 25.Rc5 a5 26.Rb1 axb4 27.axb4 Bd7 28.Rb2 Ra4 29.Bf3 Be6
30.Be2 Bd7 31.Kh2 Kf6 32.g4 Bc6 33.Rd2 Bb7 34.g5+ Kg7 35.Rc7 Bc6 36.Kg3 Be8
37.Rd8 Re6 38.Rcc8  1-0

[Event "Paris-ch"]
[Site "Paris"]
[Date "1992.??.??"]
[Round "6"]
[White "Blees, Albert"]
[Black "Pigusov, Evgeny"]
[Result "1/2-1/2"]
[WhiteElo "2410"]
[BlackElo "2550"]

1.d4 Nf6 2.c4 e6 3.Nf3 d5 4.Nc3 Be7 5.Bf4 O-O 6.e3 b6 7.cxd5 Nxd5 8.Nxd5 Qxd5
9.Bd3 Ba6 10.O-O c5 11.e4 Qb7 12.d5 exd5 13.exd5 Bxd3 14.Qxd3 Na6 15.Rad1 Bf6
16.Ng5 Bxg5 17.Bxg5 f6 18.Bf4 Rad8 19.a3 Nc7 20.Bxc7 Qxc7 21.d6 Qc6 22.Rfe1 c4
23.Qd4 Rf7 24.h4 b5 25.Re6 a5 26.Rde1 b4 27.axb4 axb4 28.Rc1 Rfd7 29.Qxc4 Qxc4
30.Rxc4 Rxd6 31.Rxd6 Rxd6 32.Rxb4 Rd1+ 33.Kh2 Rd2 34.Kg3 h5 35.Kf3 Kf7 36.Ke3 Rc2
37.Rb7+ Kg6 38.Rb5 Kh6 39.Rb6 Kg6 40.Rb7 Kf5 41.Rb5+ Kg6 42.g3 Kh6 43.Rb6 Kg6
44.f3 Rg2 45.Kf4 Rh2 46.Rb5 Rf2 47.Rb4 Kh6 48.Rb6 Kg6 49.b4 Rb2 50.Rb8 Rb1
51.g4 hxg4 52.fxg4 Rf1+ 53.Kg3 Rg1+ 54.Kf3 Rf1+ 55.Kg2 Rf4 56.Kg3 Rc4 57.h5+ Kh6
58.Rb7 Rd4 59.Kf3 Rc4 60.b5 Rb4 61.b6 g6 62.Rb8 gxh5 63.gxh5 f5  1/2-1/2

[Event "RUS-chT"]
[Site "Podolsk"]
[Date "1992.??.??"]
[Round "?"]
[White "Svirin, O."]
[Black "Kharitonov, Andrei Y"]
[Result "1/2-1/2"]
[WhiteElo "2370"]
[BlackElo "2505"]

1.Nf3 Nf6 2.c4 e6 3.Nc3 d5 4.d4 Be7 5.Bf4 O-O 6.e3 c5 7.dxc5 Bxc5 8.Rc1 Nc6
9.cxd5 exd5 10.Be2 d4 11.exd4 Nxd4 12.Nxd4 Qxd4 13.Qxd4 Bxd4 14.Nb5 Bb6 15.O-O Be6
16.a3 Rad8 17.Nd6 Bd5  1/2-1/2

[Event "Bohemians (Women)"]
[Site "Prague"]
[Date "1992.??.??"]
[Round "8"]
[White "Van Parreren, Hanneke"]
[Black "Palatkova, Eliska"]
[Result "1/2-1/2"]
[WhiteElo "2135"]
[BlackElo "2005"]

1.d4 d5 2.Nf3 Nf6 3.c4 e6 4.Nc3 Be7 5.Bf4 c6 6.e3 Nbd7 7.h3 O-O 8.Be2 dxc4
9.Bxc4 Nd5 10.Bh2 Qa5 11.Qc2 N7b6 12.Bb3 Nxc3 13.bxc3 Nd5 14.Bxd5  1/2-1/2

[Event "Reykjavik"]
[Site "Reykjavik"]
[Date "1992.??.??"]
[Round "3"]
[White "Conquest, Stuart"]
[Black "Kotronias, Vasilios"]
[Result "0-1"]
[WhiteElo "2485"]
[BlackElo "2560"]

1.d4 d5 2.c4 e6 3.Nc3 Be7 4.Nf3 Nf6 5.Bf4 O-O 6.Qc2 c5 7.dxc5 Nc6 8.O-O-O Qa5
9.a3 Bxc5 10.Kb1 d4 11.Na4 Be7 12.Bd2 Qc7 13.e4 e5 14.Bd3 b6 15.Rc1 Nd7 16.g4 Rb8
17.h4 Nd8 18.h5 Ne6 19.Nh4 Bxh4 20.Rxh4 Qd8 21.Rh2 h6 22.f3 Qf6 23.Rf1 Ba6
24.b4 Rfc8 25.Nb2 Rc7 26.Qa4 Bb7 27.Bc1 a5 28.Qb3 axb4 29.axb4 Ra8 30.Nd1 b5
31.Ra2 Rac8 32.Nb2 bxc4 33.Nxc4 Ndc5 34.bxc5 Nxc5  0-1

[Event "Rishon Le Ziyyon"]
[Site "Rishon Le Ziyyon"]
[Date "1992.??.??"]
[Round "2"]
[White "Kaspi, Alexander"]
[Black "Veinger, Itzchak"]
[Result "1/2-1/2"]
[WhiteElo "2425"]
[BlackElo "2380"]

1.d4 Nf6 2.c4 e6 3.Nc3 d5 4.Nf3 Be7 5.Bf4 O-O 6.e3 a6 7.c5 b6 8.b4 Ne4 9.Nxe4 dxe4
10.Nd2 f5 11.Qb3 Nc6 12.Bc4 Qd7 13.Rd1 g5 14.Bg3 b5 15.Be2 f4 16.Nxe4 fxg3
17.hxg3 Qd5 18.Qb1 Rf7 19.Bf3 Qf5 20.g4 Qg6 21.Nxg5 Qxb1 22.Rxb1 Bxg5 23.Bxc6 Rb8
24.Rh5 Rg7 25.f4 Be7 26.g5 Bb7 27.Bxb7 Rxb7 28.Ke2 c6 29.Kd3 Ra7 30.Rh6 Rg6
31.Rxg6+ hxg6 32.a4 bxa4 33.Ra1 Bf8 34.Rxa4 Bg7 35.Kc4 Kf7 36.Ra1 Ra8 37.Ra2 Bf8
38.g4 Be7 39.Rh2 Kg7 40.Ra2 Bd8 41.Kd3 Bc7 42.Ke4 Kf7 43.Ra1 Kg7 44.Kf3 Bd8
45.Ra2 Bc7 46.e4 Bd8 47.e5 Be7 48.Ke4 Kf7 49.Rh2 Rb8 50.Rh7+ Ke8 51.Rg7 Rxb4
52.Rxg6 Bxc5 53.Rxe6+ Kd7 54.Rh6 Rxd4+ 55.Kf5 Rb4 56.Rh7+ Ke8 57.g6 Kf8 58.Rc7 Kg8
59.g7 Kh7 60.e6 Bd6 61.Rxc6 Rxf4+ 62.Kg5 Rd4 63.Kf6 Rf4+ 64.Kg5 Rd4  1/2-1/2

[Event "ARG-chJ"]
[Site "San Rafael"]
[Date "1992.??.??"]
[Round "2"]
[White "Del Rey, Diego"]
[Black "Justo, Damian"]
[Result "1-0"]
[WhiteElo "2270"]
[BlackElo "2265"]

1.d4 e6 2.Nf3 d5 3.c4 Nf6 4.Nc3 Be7 5.Bf4 O-O 6.e3 c6 7.Bd3 Nbd7 8.O-O dxc4
9.Bxc4 b6 10.e4 Bb7 11.e5 Nd5 12.Nxd5 exd5 13.Bd3 c5 14.Qc2 h6 15.Qd2 f5
16.Bxh6 gxh6 17.Qxh6 Rf7 18.e6 Rh7 19.Qg6+ Rg7 20.Qxf5 Nf8 21.Rfe1 Qd6 22.Ne5 Nxe6
23.Ng6 Nf8 24.Ne5 Qf6 25.Ng4 Qd6 26.Qh5 Rg5 27.Nh6+ Kg7 28.Qxg5+  1-0

[Event "Sao Paulo op"]
[Site "Sao Paulo"]
[Date "1992.??.??"]
[Round "?"]
[White "Llanos, Guillermo"]
[Black "Amura, Claudia Noemi"]
[Result "0-1"]
[WhiteElo "2355"]
[BlackElo "2355"]

1.d4 d5 2.c4 e6 3.Nc3 Be7 4.Nf3 Nf6 5.Bf4 O-O 6.e3 c5 7.dxc5 Bxc5 8.Qc2 dxc4
9.Bxc4 a6 10.O-O b5 11.Bd3 Be7 12.Rfd1 Qb6 13.h3 Bb7 14.e4 h6 15.Be3 Qa5
16.a3 Rc8 17.b4 Qc7 18.Rac1 Nbd7 19.Qb3 Qb8 20.Bd4 Bd6 21.Qb1 Bf4 22.Rc2 e5
23.Bc5 Nxc5 24.bxc5 h5 25.g3 Bh6 26.Nd5 Bxd5 27.exd5 e4 28.Be2 exf3 29.Bxf3 Ra7
30.d6 Rd7 31.Qb4 Ne8 32.Be4 g6 33.Qb3 Kf8 34.Qf3 Nxd6 35.cxd6 Rxc2 36.Bxc2 Rxd6
37.Bb3 Rxd1+ 38.Qxd1 Qc7 39.Qd5 Kg7 40.Kg2 Bc1 41.a4 bxa4 42.Bxa4 Bb2 43.Bb3 a5
44.Bc4 a4 45.Ba2 a3 46.Bc4 Qa7 47.Ba2 Bd4 48.Qf3 Qe7 49.h4 Qf6 50.Qe2 Qc6+
51.Kh2 Qc3 52.Kg2 Qb2 53.Qxb2 Bxb2 54.Kf3 Bd4 55.Kg2 f5 56.f3 Kf6 57.Bg8 Ke5
58.Bf7 Bc5 59.Bg8 Kd4 60.Bf7 Kc3 61.g4 Kb2 62.gxh5 gxh5 63.Kg3 Be3  0-1

[Event "Sevilla op"]
[Site "Sevilla"]
[Date "1992.??.??"]
[Round "3"]
[White "Gulko, Boris F"]
[Black "Rodriguez Talavera, Juan Carlos"]
[Result "1/2-1/2"]
[WhiteElo "2560"]
[BlackElo "2375"]

1.d4 Nf6 2.c4 e6 3.Nf3 d5 4.Nc3 Be7 5.Bf4 O-O 6.e3 c5 7.dxc5 Bxc5 8.Qc2 Nc6
9.a3 Qa5 10.O-O-O Be7 11.g4 dxc4 12.Bxc4 e5 13.g5 exf4 14.gxf6 Bxf6 15.Nd5 Ne7
16.Nxf6+ gxf6 17.Rhg1+ Kh8 18.Qe4 Ng6 19.Qd4 Qb6 20.exf4 Qxd4 21.Rxd4 Bf5
22.Kd2 Rac8 23.Rc1 Bg4 24.Rc3 Rcd8 25.Rcd3 Rxd4 26.Nxd4 Nxf4 27.Re3 Ng6 28.Rc3 Ne5
29.Bb3 Rd8 30.Ke3 Re8 31.Kf4 Rd8 32.Ke4 Re8 33.Kf4 Rd8  1/2-1/2

[Event "Alekhine op"]
[Site "Smolensk"]
[Date "1992.??.??"]
[Round "6"]
[White "Kharitonov, Andrei Y"]
[Black "Gavrilov, Alexei"]
[Result "1-0"]
[WhiteElo "2505"]
[BlackElo "2415"]

1.d4 d5 2.c4 e6 3.Nf3 Nf6 4.Nc3 Be7 5.Bf4 O-O 6.e3 c5 7.dxc5 Bxc5 8.Be2 Nc6
9.O-O a6 10.cxd5 Nxd5 11.Nxd5 exd5 12.Rc1 Ba7 13.Ne5 Ne7 14.Qb3 Qb6 15.Qa3 Re8
16.Rfd1 Qf6 17.Nf3 h6 18.Be5 Qe6 19.Qb3 Qg6 20.Bg3 Nf5 21.Bd3 Qf6 22.Bxf5 Bxf5
23.Qxb7 Bg4 24.Rc6 Qf5 25.Rxa6 Bxf3 26.gxf3 Qxf3 27.Qxd5 Qe2 28.Ra4 Qxb2
29.Rf4 Rad8 30.Qxf7+ Kh7 31.Rxd8 Rxd8 32.Qxa7 Rd1+ 33.Kg2 Qc1 34.Rg4 Rf1
35.Kh3 Qd1 36.Kh4 Qa1 37.Qd4 g5+ 38.Kh5 Qxa2 39.Qd7+ Kg8 40.Qe8+  1-0

[Event "St Petersburg op"]
[Site "St Petersburg"]
[Date "1992.??.??"]
[Round "?"]
[White "Agrest, Evgenij"]
[Black "Cherepkov, Alexander V"]
[Result "0-1"]
[WhiteElo "2485"]
[BlackElo "2415"]

1.d4 Nf6 2.c4 e6 3.Nc3 d5 4.Nf3 Be7 5.Bf4 O-O 6.e3 c5 7.dxc5 Bxc5 8.Qc2 Nc6
9.a3 Qa5 10.O-O-O Be7 11.g4 dxc4 12.Bxc4 e5 13.g5 exf4 14.gxf6 Bxf6 15.Ne4 Bf5
16.Nxf6+ gxf6 17.e4 Bg6 18.Rd5 Qc7 19.h4 Rac8 20.Nd2 Ne5 21.b3 a6 22.h5 b5
23.hxg6 hxg6 24.Qc3 Kg7 25.Rd4 Qc6 26.Kc2 bxc4 27.Nxc4 Nxc4 28.bxc4 Qc5 29.Rhd1 Rc6
30.Qb4 Qe5 31.f3 Rfc8 32.Qc3 Qb5 33.Kd3 Qc5 34.Rb1 Qh5 35.Rf1 Qh2 36.Qe1 Qa2
37.Qa1 Qg2 38.Qe1 Rb8  0-1

[Event "St Petersburg"]
[Site "St Petersburg"]
[Date "1992.??.??"]
[Round "?"]
[White "Naumkin, Igor"]
[Black "Dydyshko, Viacheslav"]
[Result "1/2-1/2"]
[WhiteElo "2460"]
[BlackElo "2500"]

1.d4 d5 2.c4 e6 3.Nc3 Nf6 4.Nf3 Be7 5.Bf4 O-O 6.e3 a6 7.cxd5 exd5 8.h3 Bf5
9.Bd3 Bxd3 10.Qxd3 Bd6 11.Bxd6 Qxd6 12.O-O Nbd7  1/2-1/2

[Event "St Petersburg op"]
[Site "St Petersburg"]
[Date "1992.??.??"]
[Round "?"]
[White "Ivanov, Sergey"]
[Black "Nikolaev, Sergej"]
[Result "1-0"]
[WhiteElo "2440"]
[BlackElo "2425"]

1.d4 Nf6 2.c4 e6 3.Nc3 d5 4.Nf3 Be7 5.Bf4 a6 6.e3 dxc4 7.Bxc4 b5 8.Bd3 Bb7
9.O-O Nbd7 10.e4 b4 11.Na4 Nxe4 12.Qc2 Nd6 13.Ne5 Nxe5 14.Bxe5 Nb5 15.Rfe1 Bd6
16.Nc5 Bxe5 17.Nxb7 Qxd4 18.Qc6+ Ke7 19.Bxb5 axb5 20.Rad1 Qb6 21.Rd7+ Ke8
22.Rd8+ Ke7 23.Qd7+ Kf6 24.Rxa8 Bxh2+ 25.Kf1 Rxa8 26.Nd8 Rxd8 27.Qxd8+ Kg6
28.Qd3+ f5 29.Qd7 Kf6 30.g3  1-0

[Event "Ter Apel"]
[Site "Ter Apel"]
[Date "1992.??.??"]
[Round "2"]
[White "Epishin, Vladimir"]
[Black "Van der Sterren, Paul"]
[Result "1-0"]
[WhiteElo "2620"]
[BlackElo "2535"]

1.d4 Nf6 2.c4 e6 3.Nf3 d5 4.Nc3 Be7 5.Bf4 O-O 6.e3 c5 7.dxc5 Bxc5 8.cxd5 Nxd5
9.Nxd5 exd5 10.a3 Nc6 11.Bd3 Bb6 12.O-O Bg4 13.h3 Bh5 14.b4 a6 15.Rc1 d4
16.g4 Bg6 17.e4 Rc8 18.Re1 Re8 19.Kg2 Bc7 20.Qd2 Bxf4 21.Qxf4 Na7 22.Rxc8 Nxc8
23.Rd1 Na7 24.Bc4 Rxe4 25.Bxf7+ Kf8 26.Qg5 Qd6 27.Qd5 Nb5 28.a4 Qxd5 29.Bxd5 Nc3
30.Bxe4 Nxd1 31.Bxb7 d3 32.a5 Nc3 33.Nd2  1-0

[Event "Tilburg"]
[Site "Tilburg"]
[Date "1992.??.??"]
[Round "2"]
[White "Jussupow, Artur"]
[Black "Goldin, Alexander"]
[Result "1/2-1/2"]
[WhiteElo "2640"]
[BlackElo "2575"]

1.d4 d5 2.Nf3 Nf6 3.c4 e6 4.Nc3 Be7 5.Bf4 O-O 6.e3 c5 7.dxc5 Bxc5 8.cxd5 Nxd5
9.Nxd5 exd5 10.a3 Nc6 11.Bd3 Bb6 12.O-O Qf6 13.b4 Bf5 14.b5 Nd4 15.Bxf5 Nxf3+
16.Qxf3 Qxf5 17.Rfd1 Rfd8 18.a4 Rac8 19.h3 h6 20.a5 Bc7 21.Bxc7 Qxf3 22.gxf3 Rxc7
23.Rac1 Rxc1 24.Rxc1 d4 25.exd4 Rxd4 26.Rc8+ Kh7 27.Rc7 Ra4 28.Rxf7 Rxa5
29.Rxb7 a6 30.b6 Rb5 31.Kg2 a5 32.f4 a4 33.Kf3 a3 34.Ra7 Rxb6 35.Rxa3 Kg6
36.Ra5 Kf6 37.Kg4 Rc6 38.Rf5+ Ke6 39.h4 Ra6 40.Rf8 Ke7 41.Rb8 Kf6  1/2-1/2

[Event "Warsaw op"]
[Site "Warsaw"]
[Date "1992.??.??"]
[Round "6"]
[White "Malaniuk, Vladimir P"]
[Black "Arbakov, Valentin"]
[Result "1-0"]
[WhiteElo "2550"]
[BlackElo "2450"]

1.d4 Nf6 2.Nf3 d5 3.c4 e6 4.Nc3 Be7 5.Bf4 O-O 6.e3 b6 7.Bd3 Bb7 8.cxd5 exd5
9.Ne5 c5 10.O-O Nc6 11.Rc1 c4 12.Bb1 a6 13.Qf3 b5 14.a3 Ra7 15.Rcd1 Bd6 16.Qh3 Ne7
17.Nd7 Ng6 18.Bxd6 Nxd7 19.Bxf8 Ndxf8 20.f4 Nd7 21.g4 Ngf8 22.Qf3 Nb6 23.f5 Bc6
24.Rfe1 h6 25.e4 dxe4 26.Bxe4 Bd7 27.Qf4 Nh7 28.Bg2 a5 29.d5 b4 30.Ne4 Nf6
31.Nxf6+ Qxf6 32.Re2 Ra8 33.d6 Rc8 34.axb4 axb4 35.Qe3 Ba4 36.Rd4 c3 37.Rxb4 c2
38.Rxc2 Rxc2 39.Rxb6 Rxb2 40.Rxb2 Qxb2 41.h3 Qb1+ 42.Kh2 Qb4 43.Qe5 Qd2 44.Kg3 Qd3+
45.Kh4 Qd2 46.Bd5 Bd7 47.Qe7 Qxd5 48.Qxd7 Qd2 49.Qe8+ Kh7 50.d7 Qf2+ 51.Kh5 Qf3
52.d8=Q Qxh3+ 53.Qh4 Qb3 54.Qh1 Qa2 55.g5  1-0

[Event "Werfen op"]
[Site "Werfen"]
[Date "1992.??.??"]
[Round "6"]
[White "Straub, Peter"]
[Black "Klovans, Janis"]
[Result "0-1"]
[WhiteElo "2230"]
[BlackElo "2470"]

1.d4 Nf6 2.c4 e6 3.Nc3 d5 4.Nf3 Be7 5.Bf4 c5 6.dxc5 Bxc5 7.e3 O-O 8.Qc2 Nc6
9.Be2 Nb4 10.Qb1 dxc4 11.Bxc4 Nbd5 12.Bxd5 Nxd5 13.Nxd5 Qxd5 14.O-O f6 15.Rd1 Qc6
16.Nd4 Qb6 17.Nb3 Be7 18.e4 e5 19.Be3 Qb4 20.Qd3 Be6 21.Bd2 Qa4 22.Rdc1 Rfd8
23.Qe3 b6 24.Rc3 Rd4 25.Re1 Rad8 26.Qe2 R4d7 27.f3 Qxa2  0-1

[Event "Werfen blitz"]
[Site "Werfen"]
[Date "1992.??.??"]
[Round "7"]
[White "Lempert, Igor"]
[Black "Neckar, Lubomir"]
[Result "1-0"]
[WhiteElo "2430"]
[BlackElo "2360"]

1.d4 d5 2.c4 e6 3.Nc3 Be7 4.Nf3 Nf6 5.Bf4 O-O 6.e3 b6 7.cxd5 Nxd5 8.Nxd5 exd5
9.Bd3 c5 10.Qc2 h6 11.Ne5 Bb7 12.O-O Nd7 13.Rad1 Nf6 14.Qe2 Qc8 15.Rfe1 c4
16.Bb1 Bb4 17.Rf1 Re8 18.g4 Bd6 19.f3 Nh7 20.Qc2 Nf8 21.Rde1 Qc7 22.Kh1 Re6
23.Qf2 Rae8 24.Bf5 R6e7 25.Rg1 g5 26.Bg3 Kg7 27.f4 f6 28.h4 fxe5 29.fxe5 Bb4
30.Ref1 b5 31.e6 Qc6 32.hxg5 hxg5 33.Be5+ Kg8 34.Qh2 Nh7 35.Qh5 Rxe6 36.Bxh7+  1-0

[Event "Zalaegerszeg op"]
[Site "Zalaegerszeg"]
[Date "1992.??.??"]
[Round "?"]
[White "Horvath, Csaba"]
[Black "Almasi, Istvan"]
[Result "1-0"]
[WhiteElo "2515"]
[BlackElo "2430"]

1.d4 e6 2.c4 d5 3.Nf3 Nf6 4.Nc3 Be7 5.Bf4 O-O 6.e3 c5 7.dxc5 Nc6 8.cxd5 Nxd5
9.Nxd5 exd5 10.a3 Bxc5 11.Bd3 Be7 12.O-O Bg4 13.h3 Bh5 14.b4 Bf6 15.Ra2 Ne7
16.e4 dxe4 17.Bxe4 Qb6 18.Qd7 Nc6 19.Be3 Qb5 20.Bd3 Qa4 21.Qd5 Bxf3 22.Qf5 Rfd8
23.Qxh7+ Kf8 24.Bc5+ Ke8 25.Bf5  1-0

[Event "Alushta op"]
[Site "Alushta"]
[Date "1993.??.??"]
[Round "?"]
[White "Golod, Vitali"]
[Black "Suetin, Alexey S"]
[Result "1/2-1/2"]
[WhiteElo "2485"]
[BlackElo "2410"]

1.d4 d5 2.c4 e6 3.Nc3 Be7 4.Nf3 Nf6 5.Bf4 O-O 6.e3 c5 7.dxc5 Nc6 8.cxd5 exd5
9.Be2 Bxc5 10.O-O Be6 11.a3 a6 12.Rc1 Be7 13.Ne5 Rc8 14.Nxc6 Rxc6 15.Be5 Ne4
16.Bd4 Nxc3 17.Rxc3 Rxc3 18.Bxc3 Bf6 19.Qd2 Bxc3 20.Qxc3 Qd7 21.Rd1 Rc8 22.Qd4 Qc7
23.Bf3 Qc4 24.g3 Qxd4 25.Rxd4 Kf8 26.Bxd5 Bxd5 27.Rxd5 Rc2 28.b4 Ra2 29.Ra5 Ke7
30.b5 axb5 31.Rxb5 Rxa3 32.Rxb7+ Ke6 33.Rb6+ Ke7 34.Kg2 h5 35.h3 g6 36.Kf3 Ra2
37.h4 Rc2 38.e4 Ra2 39.Ke3 Ra3+ 40.Kf4 Ra2 41.f3 Ra3 42.Rb5 Ke6  1/2-1/2

[Event "Antwerp"]
[Site "Antwerp"]
[Date "1993.??.??"]
[Round "5"]
[White "Gurevich, Mikhail"]
[Black "Dutreeuw, Marc"]
[Result "1-0"]
[WhiteElo "2605"]
[BlackElo "2455"]

1.d4 d5 2.c4 e6 3.Nc3 Be7 4.Nf3 Nf6 5.Bf4 O-O 6.e3 c5 7.dxc5 Bxc5 8.Be2 dxc4
9.Bxc4 a6 10.Qe2 b5 11.Bd3 Bb7 12.O-O Be7 13.Rfd1 Qb6 14.a4 b4 15.Nb1 Nbd7
16.Nbd2 Nc5 17.a5 Qa7 18.Bc2 Nfd7 19.Ne5 Rad8 20.Nec4 Bc6 21.Rac1 Qb7 22.Bd6 Nf6
23.Bxe7 Qxe7 24.Nb3 Nxb3 25.Bxb3 Rxd1+ 26.Rxd1 Rd8 27.Nb6 Bb5 28.Qe1 g6 29.h3 Rxd1
30.Qxd1 Qc5 31.Qc2 Qxc2 32.Bxc2 Kf8 33.Nc8 Bd7 34.Nb6 Bb5 35.e4 Ke7 36.e5 Nd5
37.Nc8+  1-0

[Event "AUT-ch"]
[Site "?"]
[Date "1993.??.??"]
[Round "1"]
[White "Robatsch, Karl"]
[Black "Casagrande, Harald"]
[Result "1-0"]
[WhiteElo "2410"]
[BlackElo "2395"]

1.Nf3 Nf6 2.c4 e6 3.Nc3 d5 4.d4 Be7 5.Bf4 O-O 6.Rc1 c6 7.e3 Nbd7 8.Bd3 dxc4
9.Bxc4 Nd5 10.Bg3 Qa5 11.O-O b5 12.Bb3 Nxc3 13.Rxc3 c5 14.Ne5 Nxe5 15.Bxe5 c4
16.Bc2 Bb7 17.Bxh7+ Kxh7 18.Bxg7 Kxg7 19.Qg4+ Kh6 20.e4 Qxc3 21.bxc3 f5 22.Qh3+ Kg6
23.Qg3+ Kf7 24.f3 Rad8 25.Qc7 Bc8 26.Re1 Rd7 27.Qe5 Rb7 28.exf5 exf5 29.Qd5+ Kg6
30.Qc6+ Bf6 31.g4 Rb6 32.Qc5 Rd8 33.h3 b4 34.Kh2 bxc3 35.gxf5+ Kh6 36.Qxc4 Bxd4
37.Re4 c2 38.Rh4+ Kg5 39.Rg4+ Kh6 40.Qf7 Be5+ 41.f4 Rd2+ 42.Kg3 Rd3+ 43.Kh4 Bf6+
44.Rg5 Rxh3+ 45.Kxh3 Bxg5 46.fxg5+ Kxg5 47.Qg8+ Kxf5 48.Qxc8+ Ke5 49.Qxc2 Kd6
50.Qc8 a6 51.Kg3 Rc6 52.Qd8+ Ke5 53.Qa5+ Kd4 54.Kf3 Re6 55.Qb4+ Kd5 56.Qb3+ Kd6
57.Kf4 Kd7 58.Qb7+  1-0

[Event "AUT-chT"]
[Site "?"]
[Date "1993.??.??"]
[Round "?"]
[White "Farago, Ivan"]
[Black "Schroll, Gerhard"]
[Result "1/2-1/2"]
[WhiteElo "2510"]
[BlackElo "2420"]

1.d4 d5 2.c4 e6 3.Nc3 Be7 4.Nf3 Nf6 5.Bf4 O-O 6.e3 c5 7.dxc5 Bxc5 8.Qc2 Nc6
9.a3 Qa5 10.O-O-O Be7 11.g4 dxc4 12.Bxc4 e5 13.g5 exf4 14.gxf6 Bxf6 15.Rd5 Qc7
16.Rh5 g6 17.Nd5 Qd6 18.Rg1 Bg7 19.Nxf4 Ne7 20.Nh4 Be6 21.Nxe6 fxe6 22.Rd1 Qc6
23.Rc5 Qb6 24.Rb5 Qc6 25.Rc5 Qb6 26.Rb5  1/2-1/2

[Event "Avoine Ronde op"]
[Site "Avoine"]
[Date "1993.??.??"]
[Round "?"]
[White "McMahon, Daire"]
[Black "Pytel, Martin"]
[Result "1-0"]
[WhiteElo "2275"]
[BlackElo "2070"]

1.d4 d5 2.Nf3 Nf6 3.c4 e6 4.Nc3 Be7 5.Bf4 O-O 6.e3 Nbd7 7.Rc1 a6 8.Qc2 dxc4
9.Bxc4 b5 10.Be2 c5 11.O-O Bb7 12.Rfd1 Qb6 13.Bg5 cxd4 14.exd4 h6 15.Be3 Rac8
16.Qd2 Nd5 17.Nxd5 Bxd5 18.Ne5 Nxe5 19.dxe5 Qb7 20.f3 Bxa2 21.Qd4 Rfd8 22.Qg4 Kh8
23.Qh5 Rxd1+ 24.Rxd1 Bf8 25.Qh4 Bd5 26.Bd3 Be7 27.Qf2 a5 28.Bb1 Qc7 29.Kh1 Qxe5
30.Qd2 Bc5 31.Qc2 Qf5 32.Qxc5 Rxc5 33.Bxf5 Rc4 34.Bb1 Rc8 35.Rc1 Rxc1+ 36.Bxc1 Kg8
37.Kg1 Kf8 38.Kf2 Ke7 39.Ke3 Kd6 40.Kd3 h5 41.h4 b4 42.Be3 a4 43.Bc1 e5 44.Bc2 a3
45.bxa3 bxa3 46.Bxa3+ Ke6 47.Bf8 g6 48.Ke3 f5 49.g3 Kf7 50.Bh6 Be6 51.Bd3 Bd5
52.Bb5 Be6 53.Kd3 Bb3 54.Bc4+ Bxc4+ 55.Kxc4 Ke6 56.Be3 e4 57.f4  1-0

[Event "Avoine Ronde op"]
[Site "Avoine"]
[Date "1993.??.??"]
[Round "?"]
[White "Timoshchenko, Gennadi A"]
[Black "Pytel, Krzysztof"]
[Result "1-0"]
[WhiteElo "2540"]
[BlackElo "2425"]

1.d4 Nf6 2.c4 e6 3.Nc3 d5 4.Nf3 Be7 5.Bf4 O-O 6.e3 c6 7.h3 b6 8.Qc2 Bb7 9.Rd1 Nbd7
10.Be2 dxc4 11.Bxc4 b5 12.Be2 b4 13.Na4 Qa5 14.O-O c5 15.Nxc5 Nxc5 16.dxc5 Rac8
17.Nd4 Rxc5 18.Qb1 Qb6 19.Nb3 Be4 20.Bd3 Bxd3 21.Rxd3 Rd5 22.Rc1 Qa6 23.Rxd5 Nxd5
24.Be5 Rc8 25.Rxc8+ Qxc8 26.Qd3 h6 27.Bd4 a6 28.Na5 Bf6 29.Nc4 Bxd4 30.Qxd4 Qc7
31.g3 f6 32.Kf1 Qc6 33.e4 Nc7 34.Ne3 a5 35.Qc4 Qb6 36.Nf5 Kf8 37.Nd4 Ke7
38.h4 Kd7 39.Nb3 Kd6 40.Qd3+ Ke7 41.Qc4 Kd6 42.Kg2 a4 43.Nd4 Qc5 44.Qd3 Ke7
45.Qe3 Kf7 46.Qd2 Qd6 47.Qe3 Qc5 48.Qd3 Ke7 49.Qd2 Qd6 50.Qxb4 Qxb4 51.Nc6+ Kd6
52.Nxb4 Kc5 53.Nc2 Kc4 54.f3 Kd3 55.Na3 h5 56.Kf2 e5 57.b3 axb3 58.axb3 Kc3
59.Nc4 Kxb3 60.Ne3 Kb4 61.Nf5 Ne6 62.g4 hxg4 63.fxg4 Kc4 64.Ke3 g6 65.Nd6+ Kc5
66.Ne8 Nf4 67.Nxf6 Kd6 68.g5 Ke6 69.Kf3 Nd3 70.Kg3 Kf7 71.Kg4 Nf2+ 72.Kf3 Nd3
73.Nd5 Ke6 74.Ke3 Nc5 75.Nb4 Kd6 76.Nd3 Nb3 77.Nf2 Na5 78.Kf3 Nc4 79.Kg4 Ne3+
80.Kh3 Ke6 81.h5 gxh5 82.Kh4 Kf7 83.Kxh5 Kg7 84.Ng4 Nf1 85.Nf6 Nd2 86.Ne8+ Kf7
87.Nd6+ Ke6 88.g6 Kxd6 89.g7 Nxe4 90.Kg6  1-0

[Event "Avoine Ronde op"]
[Site "Avoine"]
[Date "1993.??.??"]
[Round "?"]
[White "Timoshchenko, Gennadi A"]
[Black "Mancini, Mario"]
[Result "1-0"]
[WhiteElo "2540"]
[BlackElo "2250"]

1.d4 d5 2.c4 e6 3.Nf3 Nf6 4.Nc3 Be7 5.Bf4 O-O 6.e3 c5 7.dxc5 Bxc5 8.Qc2 Nc6
9.a3 Qe7 10.Bg5 Rd8 11.Rd1 dxc4 12.Rxd8+ Qxd8 13.Bxc4 h6 14.Bh4 Be7 15.O-O a6
16.Rd1 Qa5 17.Ba2 Ne5 18.Nxe5 Qxe5 19.Bb1 g6 20.Ne4 Kf8 21.Bxf6 Bxf6 22.Nxf6 Qxf6
23.Qc7 Kg7 24.Rd4 e5 25.Rd8 Qe6  1-0

[Event "Azov"]
[Site "Azov"]
[Date "1993.??.??"]
[Round "?"]
[White "Naumkin, Igor"]
[Black "Pushkov, Nikolai"]
[Result "0-1"]
[WhiteElo "2450"]
[BlackElo "2485"]

1.d4 d5 2.c4 e6 3.Nc3 Be7 4.Nf3 Nf6 5.Bf4 O-O 6.e3 b6 7.Qc2 Bb7 8.cxd5 Nxd5
9.Nxd5 Qxd5 10.Bd3 c5 11.dxc5 h6 12.cxb6 Qa5+ 13.Ke2 Rc8 14.Qb3 Na6 15.Rhc1 axb6
16.Qb5 Qxb5 17.Bxb5 Bf6 18.Ne5 Rc5 19.Rxc5 Nxc5 20.a3 g5 21.Bg3 Ra5 22.Bc4 Na4
23.b3 Nc3+ 24.Kd3 b5 25.Kxc3 bxc4 26.Kb4 Rxe5 27.Bxe5 Bxe5 28.Rd1 cxb3 29.Kxb3 Bxg2
30.f4 Bc7 31.Rd7 Bb6 32.fxg5 hxg5 33.a4 Bxe3 34.a5 Kf8 35.a6 Ke8 36.Rc7 Bb6
37.Rc2 Bd5+  0-1

[Event "GER-ch"]
[Site "Bad Wildbad"]
[Date "1993.??.??"]
[Round "8"]
[White "Maiwald, Jens Uwe"]
[Black "Schmidt Schaeffer, Sebastian"]
[Result "1/2-1/2"]
[WhiteElo "2430"]
[BlackElo "2275"]

1.d4 d5 2.c4 e6 3.Nc3 Be7 4.Nf3 Nf6 5.Bf4 O-O 6.e3 c5 7.dxc5 Bxc5 8.a3 dxc4
9.Bxc4 a6 10.Qc2 Nbd7 11.O-O b5 12.Bd3 Qb6 13.Rfd1 Bb7 14.Bxh7+ Nxh7 15.Rxd7 Rac8
16.Rad1 Nf6 17.Ng5 Qc6 18.Rxb7 Qxb7 19.Be5 Rfe8 20.Bxf6 gxf6 21.Qh7+ Kf8
22.Qh6+ Ke7 23.Nge4 Rg8 24.Qxf6+ Ke8 25.g3 Be7 26.Qe5 Rd8 27.Rxd8+ Kxd8 28.h4 Qc7
29.Qd4+ Kc8 30.Qd1 f5 31.Ng5 Bxg5 32.hxg5 Rxg5 33.Qd4 Rg8 34.a4 Rd8 35.Qf6 Qc6
36.axb5 axb5 37.Qh4 Kc7 38.Qf4+ Kb7 39.Qb4 Ra8 40.Qxb5+ Qxb5 41.Nxb5 Ra1+
42.Kg2 Kc6 43.Nd4+ Kd5 44.b4  1/2-1/2